Statistics for Terraria Bosses 1.4.4

Click here to take the quiz!

General Stats

  • This quiz has been taken 421 times
  • The average score is 24 of 32

Answer Stats

Answer% Correct
King Slime
97%
Eye of Cthulhu
96%
Skeletron
95%
Eater of Worlds
94%
Wall of Flesh
94%
Brain of Cthulhu
92%
Moon Lord
92%
Skeletron Prime
92%
The Twins
92%
Plantera
91%
Queen Bee
91%
The Destroyer
91%
Golem
90%
Queen Slime
90%
Lunatic Cultist
84%
Empress of Light
83%
Duke Fishron
82%
Deerclops
72%
Pumpking
71%
Mourning Wood
66%
Ice Queen
63%
Solar Pillar
58%
Santa-NK1
57%
Betsy
55%
Everscream
55%
Martian Saucer
55%
Nebula Pillar
55%
Stardust Pillar
55%
Vortex Pillar
54%
Flying Dutchman
53%
Ogre
48%
Dark Mage
37%

Score Distribution

Percentile by Number Answered

Percent of People with Each Score

Your Score History

You have not taken this quiz